000
00253nam a2200109Ia 4500
008
231212s1980 xx 000 0 und d
041
_a
eng
082
_a
621.31
100
_a
Stepaneko I.P.
245
_a
Fundamental of
260
_a
Mascow
_b
Mir Pub
_c
1980
999
_c
958440
_d
958440